Religion Quiz

Random Religion or Islam Quiz

Shia or Sunni Countries Quiz Stats

 Plays Quiz Updated May 24, 2020

Support Sporcle.
Go Orange.
Score 0/18 Timer 03:00
0 Plays Today
Country Shia or Sunni % Correct
Morocco???
76.4%
Egypt???
76.2%
Iran???
75.7%
Algeria???
75.7%
Saudi Arabia???
74.7%
Somalia???
73.3%
Jordan???
73.2%
Indonesia???
72.9%
Turkey???
72.5%
Country Shia or Sunni % Correct
Bangladesh???
72.1%
Pakistan???
70.5%
Qatar???
67.3%
Yemen???
66.1%
Afghanistan???
63.5%
Tajikistan???
59.3%
Iraq???
57.2%
Azerbaijan???
45.8%
Bahrain???
43%

You're not logged in!

Compare scores with friends on all Sporcle quizzes.
OR
Log In
Forgot?

From the Vault

Orders of Magnitude

by Barbecue

Science 2.5m
It's all about how many zeroes you have to add to the end of stuff.
Remove Ads.
Support Sporcle.
Get the best of Sporcle when you Go Orange. This ad-free experience offers more features, more stats, and more fun while also helping to support Sporcle. Thank you for becoming a member.

Show Comments

Extras

Top Quizzes Today


Score Distribution

Your Account Isn't Verified!

In order to create a playlist on Sporcle, you need to verify the email address you used during registration. Go to your Sporcle Settings to finish the process.

Report this User

Report this user for behavior that violates our Community Guidelines.

Details: